| 000 | 01366cam a2200361 a 4500 | ||
|---|---|---|---|
| 001 | 15163108 | ||
| 003 | OSt | ||
| 005 | 20221108132453.0 | ||
| 008 | 080131s2008 at a b 001 0 eng | ||
| 010 | _a 2008360401 | ||
| 020 | _a1742164618 | ||
| 040 |
_aANL _beng _cDLC _dANL _dNSPL _dVVUT _dANL _dDLC |
||
| 042 | _alccopycat | ||
| 043 | _au-at--- | ||
| 050 | 0 | 0 |
_aGT4890 _b.F47 2011 |
| 245 | 0 | 0 |
_aFestival & special event management / _cJohnny Allen ... [et al.]. |
| 246 | 3 | _aFestival and special event management | |
| 250 | _a4th ed. | ||
| 260 |
_aMilton, Qld. : _bJohn Wiley & Sons Australia, Ltd, _c2011 |
||
| 300 | _axxi, 585p. | ||
| 490 | 0 | _aWiley Australia tourism series | |
| 500 | _aPrevious ed.: 2005. | ||
| 504 | _aIncludes bibliographical references and index. | ||
| 650 | 0 |
_aFestivals _zAustralia _xManagement. |
|
| 650 | 0 |
_aSpecial events _zAustralia _xManagement. |
|
| 650 | 0 |
_aCulture and tourism _zAustralia. |
|
| 700 | 1 | _aAllen, Johnny. | |
| 856 | 4 | 1 |
_3Table of contents _uhttp://www.loc.gov/catdir/toc/fy0803/2008360401.html |
| 856 | 4 | 2 |
_3Publisher description _uhttp://www.loc.gov/catdir/enhancements/fy0833/2008360401-d.html |
| 906 |
_a7 _bcbc _ccopycat _d2 _encip _f20 _gy-gencatlg |
||
| 942 |
_2lcc _cBK |
||
| 999 |
_c19792 _d19791 |
||